Statistics for Name that Band

Click here to take the quiz!

General Stats

  • This quiz has been taken 2,008 times
    (2,004 since last reset)
  • The average score is 7 of 16

Answer Stats

MemberBand% Correct
Ringo StarrThe Beatles
97%
Kurt CobainNirvana
96%
Mick JaggerThe Rolling Stones
95%
Dave GrohlFoo Fighters
78%
Chris MartinColdplay
75%
Syd BarrettPink Floyd
50%
Jack BlackTenacious D
49%
Billy CorganSmashing Pumpkins
46%
Brandon FlowersThe Killers
41%
Glenn FreyEagles
35%
Gary LightbodySnow Patrol
12%
Bradley NowellSublime
9%
Luke PritchardThe Kooks
6%
Tyler GlennNeon Trees
3%
Damian KulashOK Go
3%
Alex TrimbleTwo Door Cinema Club
3%

Score Distribution

Percentile by Number Answered

Percent of People with Each Score

Your Score History

You have not taken this quiz since the last reset